| 000 | 00533cam a2200205ua 4500 | ||
|---|---|---|---|
| 020 |
_a0-85226-731-2 _c524.00 |
||
| 041 |
_aeng _h |
||
| 082 |
_a664 _bSHA/FO |
||
| 100 | _aShakuntala manay, N . | ||
| 245 |
_aFoods : facts and principles / _cN.Shakuntala manay. _hTextual Documents |
||
| 250 |
_a1 / _b. |
||
| 260 |
_a : _bNew Age International Ltd , _c1996. |
||
| 300 | _a524 ; . | ||
| 365 | _a524.00 | ||
| 504 | _a | ||
| 700 | 1 | _aShadaksharaswamy, M . | |
| 942 | _cBK | ||
| 999 |
_c1500 _d1500 |
||